OK Go Songs by Music Videos - Statistics

General Stats
  • This quiz has been taken 27 times
  • The average score is 10 of 14
Answer Stats
MV Explanation Song % Correct
It has two versions- one featuring a marching band and another one featuring a Rube Goldberg machine This Too Shall Pass
89%
Dancing on treadmils, received a Grammy award for 'Best Music Video' Here It Goes Again
84%
Has some parts in zero-G Upside Down and Inside Out
84%
Dancing with Japanese students who are holding umberllas I Won't Let You Down
79%
Uses 567 printers Obsession
79%
Lots of optical illusions, and a half-shaved beard The Writing's on The Wall
79%
Playing hundreds of pianos and dozens of guitars by driving a car Needing&Getting
74%
Featuring many dogs and a goat White Knuckles
74%
Actually very short, but it was slowed down to synchronize to the song The One Moment
68%
Laser printing on breads Last Leaf
58%
Uses a delay image effect, while members play with some balls WTF?
58%
Dancing in the backyard A Million Ways
47%
Includes a part that the members sleeping in a park End Love
47%
Moving and making letters on a glass with Pilobolus 7 All Is Not Lost
32%
No matching quizzes found
Score Distribution
Percent of People with Each Score
Percentile by Number Answered
Your Score History
You have not taken this quiz